| 000 | 00733nam a22002297a 4500 | ||
|---|---|---|---|
| 999 |
_c19131 _d19131 |
||
| 003 | AR-CdUCM | ||
| 008 | 190516b ||||| |||| 00| 0 spa d | ||
| 040 |
_aMUNICIPALIDAD PROVINCIAL DEL CUSCO _cBIBLIOTECA MUNICIPAL DEL CUSCO |
||
| 082 |
_a869.26 / _bM66 |
||
| 100 |
_aMitre, Bartolomé _932246 |
||
| 245 |
_aIV Cuatro Épocas : _bdrama en cinco actos en prosa y verso / |
||
| 260 |
_aMontevideo : _c1840. |
||
| 300 |
_a132 - 250 páginas ; _c24 cm. |
||
| 500 | _aTexto conformado desde la página número 132 al 250. | ||
| 505 | _aContenido: Drama. | ||
| 650 |
_aLiteratura argentina _984 |
||
| 650 |
_aDrama _9560 |
||
| 650 |
_aTeatro _9173 |
||
| 650 |
_aSiglo XIX _9971 |
||
| 942 |
_2ddc _cLIBROS |
||
| 945 |
_aachl _d2019-05-16 |
||